Gunaras Gyógyfürdő és a Hotel Európa gyógyvíz, turizmus és hagyományok egy helyen

Bibliographic Details
Main Author: Czinege Anita Bernadett
Other Authors: Nagy Dr. Éva Ilona
Format: Project work
Kulcsszavak:Dombóvár
egészségturisztika
gyógyturizmus
Hotel Európa
rendezvényszervezés
Online Access:http://dolgozattar.uni-bge.hu/59934

MARC

LEADER 00000nnm a2200000 i 4500
001 dolg59934
005 20260409145751.0
008 260409suuuu hu o 000 hun d
040 |a BGE Dolgozattár Repozitórium  |b hun 
041 |a hu 
100 1 |a Czinege Anita Bernadett 
245 1 0 |a Gunaras Gyógyfürdő és a Hotel Európa  |b gyógyvíz, turizmus és hagyományok egy helyen  |c Czinege Anita Bernadett  |h [elektronikus dokumentum] 
516 |a Project_work 
520 3 |a Dolgozatom témája Dombóvár Gunaras üdülőtelep és azon belül a Hotel Európa bemutatása. Gunaras a méltán elismert és kedvelt gyógyfürdők közé tartozik kiemelkedő gyógyászati lehetőségei miatt. A Dél-Dunántúli Régión belül nem a kiemelt turisztikai térségek közé tartozik. Ennek ellenére az általam bemutatott Hotel Európa 3* szálloda már évtizedek óta sikeresen működik. Dolgozatomban azt mutatom be, hogyan tud egy kisebb hotel az év minden szakában a térség átlag vendégéjszakáinak számánál sokkal magasabb kihasználtságot elérni. Kitérek a rendezvényekre, melyek a hotel szervezésében jönnek létre, továbbá a régió és a Hotel Európa turisztikai adatait is összehasonlítom. 
695 |a Dombóvár 
695 |a egészségturisztika 
695 |a gyógyturizmus 
695 |a Hotel Európa 
695 |a rendezvényszervezés 
700 1 |a Nagy Dr. Éva Ilona  |e ths 
856 4 0 |u http://dolgozattar.uni-bge.hu/59934/1/Czinege%20Anita%20B.%20projektmunka.pdf  |z Dokumentum-elérés 
856 4 0 |u http://dolgozattar.uni-bge.hu/59934/2/Czinege%20Anita_FOSZK%20b%C3%ADr%C3%A1lat_Nagy%20%C3%89va.pdf  |z Dokumentum-elérés